000 01601nam2a22002771 4500
001 rc\4727272
005 20260406162104.0
035 _a(NLR Aleph) 008445333
090 _a9504137
_c9504137
100 _a20130416d1985 |||y0rusy50 ca
101 1 _arus
_cund
102 _aRU
105 _ah z |||||
200 1 _aПамятники индийской письменности из Центральной Азии
_f[АН СССР, Отд-ние истории, Ин-т востоковедения]
_gИзд. текстов, исслед. и коммент. Г.М. Бонгард-Левина и М.И. Воробьевой-Десятовской
210 _d1985
_aБ. м.
215 _a285 с.
_cфакс.
300 _aРез. англ.
461 0 _1001rc\4727191
_12001#$aПамятники письменности Востока$e1-$f[Акад. наук СССР. Отд-ние истории. Ин-т народов Азии]$v73.1
_99503636
_cМосква
_d1965
_f[Акад. наук СССР. Отд-ние истории. Ин-т народов Азии]
_nНаука
_o1-
_tПамятники письменности Востока
_v73.1
702 1 _4340
_7ca
_8rus
_aВоробьева-Десятовская
_bМ. И.
_f1933-2021
_gМаргарита Иосифовна
_3RU\NLR\AUTH\7710531
_9120299
702 1 _4070
_8rus
_7ca
_aБонгард-Левин
_bГ. М.
_f1933-2008
_gГригорий Максимович
_3RU\NLR\auth\779097
_9118964
801 0 _aRU
_bNLR
_gpsbo
801 1 _aRU
_bELAR
_2rusmarc
852 _aNLR
_bОЛСАА
942 _cBOOK
980 _aNB